000 00678nam a2200241 i 4500
001 bg
100 1 _aSZPILA, Grzegorz
245 1 0 _aMake friends with false friends :
_bpractice book /
_cGrzegorz Szpila.
260 _aKraków :
_b"Egis",
_c2005.
300 _a96 s. ;
_c24 cm.
504 _aBibliogr.
650 9 _aSłownik angielsko-polski
650 9 _aTautonimy
655 _aSłowniki
020 _a8373963731
040 _cBPK
041 0 _aeng
_bpol
080 _a811.111:811.162.1]'373.421'374
920 _a83-7396-373-1
942 _cKS
008 s pl f |000 0 pol
999 _c46240
_d46240